| 000 | 00390nam a2200145Ia 4500 | ||
|---|---|---|---|
| 008 | 210716s1987 xx 000 0 und d | ||
| 041 | _aeng | ||
| 082 | _a004 RAJR | ||
| 100 | _aRajagopalan, R. | ||
| 245 | _aUnderstanding computers. | ||
| 250 | _a1 | ||
| 260 |
_aNew Delhi _bTata McGraw Hill Publishing Company Ltd _c1987 |
||
| 300 | _a233 | ||
| 650 | _aComputer Architecture/Organization | ||
| 999 |
_c181121 _d181121 |
||